| 000 | 00794nam a2200229 a 4500 | ||
|---|---|---|---|
| 001 | BRL_1921 | ||
| 005 | 20190320211433.0 | ||
| 008 | 180815s1992----sp-o######---#000-0#fre-# | ||
| 041 | _afrespa | ||
| 044 | _asp | ||
| 050 | 4 |
_aF1219.3.M4 _b.M37 1992 |
|
| 245 | 1 | 0 |
_aMàscares de Mèxic _bCol.lecció Rafael Coronel |
| 260 |
_aBarcelona _bGeneralitat de Catalunya, Department de Cultura : Bancomer : Generalitat Valenciana, Conselleria de Cultura, Educacio i Ciencia _c1992 |
||
| 300 |
_a31 p. _bil. _c30 cm. |
||
| 500 | _aAu2205 | ||
| 500 | _aTexto en: Frances y castellano. | ||
| 650 | 1 | 4 |
_aMáscaras indígenas _vExposiciones _zMéxico _923516 |
| 650 | 1 | 4 |
_aIndígenas de México _vExposiciones _928238 |
| 650 | 1 | 4 |
_aMáscaras _vExposiciones _zMéxico _923518 |
| 902 | _aGRL | ||
| 942 |
_2lcc _cB |
||
| 999 |
_c10729 _d10729 |
||